[Event "4NCL Division 2d"]
[Site "Telford, ENG"]
[Date "2018.05.06"]
[Round "10.51"]
[White "Stepanyan, Henrik"]
[Black "Gayson, Peter M"]
[Result "1-0"]
[WhiteElo "2267"]
[BlackElo "2145"]
[PlyCount "65"]
[EventDate "2018.05.06"]
[WhiteTeam "Warwickshire Select 1"]
[BlackTeam "White Rose 2"]

1. d4 f5 2. e4 fxe4 3. Nc3 Nf6 4. Bg5 e6 5. Nxe4 Be7 6. Bxf6 Bxf6 7. Nf3 O-O 8.
Bd3 d5 9. Nxf6+ Qxf6 10. O-O c5 11. c3 cxd4 12. cxd4 Nc6 13. Bb5 Ne7 14. Ne5
Ng6 15. Nxg6 Qxg6 16. Re1 a6 17. Bd3 Qf6 18. Qc2 g6 19. Rad1 Bd7 20. Re3 Rac8
21. Qe2 Rc7 22. Rf3 Qg7 23. Rxf8+ Kxf8 24. Qe3 Kg8 25. Re1 Bc8 26. Qg5 Rc6 27.
Qf4 Qc7 28. Qe3 Qb6 29. h4 e5 30. Qxe5 Re6 31. Qxd5 Qc6 32. Bc4 Kg7 33. Rxe6
1-0

[Event "4NCL Division 2d"]
[Site "Telford, ENG"]
[Date "2018.05.06"]
[Round "10.52"]
[White "Burnett, Jim"]
[Black "Mason, Donald J"]
[Result "1/2-1/2"]
[WhiteElo "2105"]
[BlackElo "2192"]
[PlyCount "42"]
[EventDate "2018.05.06"]
[WhiteTeam "White Rose 2"]
[BlackTeam "Warwickshire Select 1"]

1. d4 Nf6 2. Bg5 d5 3. e3 Ne4 4. Bf4 c5 5. c3 Nc6 6. Bd3 Nf6 7. h3 g6 8. Nf3
Bg7 9. O-O O-O 10. Nbd2 Nd7 11. Bc2 e5 12. dxe5 Ndxe5 13. Nxe5 Nxe5 14. Nf3 Nc4
15. Rb1 f5 16. Qc1 Be6 17. Rd1 Qe7 18. Bd3 Nb6 19. Be5 g5 20. Bxg7 Qxg7 21. Nh2
Rac8 1/2-1/2

[Event "4NCL Division 2d"]
[Site "Telford, ENG"]
[Date "2018.05.06"]
[Round "10.53"]
[White "Pitcher, John"]
[Black "Shaw, Peter"]
[Result "1-0"]
[WhiteElo "2248"]
[BlackElo "2122"]
[PlyCount "83"]
[EventDate "2018.05.06"]
[WhiteTeam "Warwickshire Select 1"]
[BlackTeam "White Rose 2"]

1. e4 e6 2. d3 d5 3. Nd2 Nf6 4. Ngf3 c5 5. g3 Nc6 6. Bg2 g6 7. O-O Bg7 8. c3
O-O 9. Re1 a5 10. a4 b6 11. exd5 exd5 12. Nb3 Re8 13. Rxe8+ Qxe8 14. d4 c4 15.
Nbd2 Bf5 16. b3 cxb3 17. Qxb3 Qd8 18. Ba3 Bf8 19. Bxf8 Kxf8 20. Ne5 Nxe5 21.
dxe5 Ne4 22. Nxe4 dxe4 23. Rd1 Qe7 24. Qxb6 Qxe5 25. Qe3 Kg7 26. Rd4 Re8 27. g4
Be6 28. Rxe4 Qb8 29. h4 Bd7 30. Qd4+ Kg8 31. Qxd7 Qb1+ 32. Kh2 Rxe4 33. Bxe4
Qxe4 34. Qd8+ Kg7 35. Qd4+ Qxd4 36. cxd4 Kf6 37. Kg3 Ke6 38. Kf4 Kd5 39. Ke3 f5
40. gxf5 gxf5 41. Kd3 h5 42. f4 1-0

[Event "4NCL Division 2d"]
[Site "Telford, ENG"]
[Date "2018.05.06"]
[Round "10.54"]
[White "Arnott, Jonathan W"]
[Black "Brooks, Phil J"]
[Result "0-1"]
[WhiteElo "2112"]
[BlackElo "2170"]
[PlyCount "118"]
[EventDate "2018.05.06"]
[WhiteTeam "White Rose 2"]
[BlackTeam "Warwickshire Select 1"]

1. e4 e6 2. d4 d5 3. Nd2 c5 4. exd5 Qxd5 5. Ngf3 cxd4 6. Bc4 Qd7 7. O-O Nc6 8.
Nb3 a6 9. Nbxd4 Nxd4 10. Qxd4 Qxd4 11. Nxd4 Bd7 12. Re1 Ne7 13. Bf4 Ng6 14. Bg3
Be7 15. Rad1 Rd8 16. Bd3 O-O 17. Be4 Bc8 18. Bxg6 hxg6 19. Nf3 f6 20. Bc7 Rxd1
21. Rxd1 e5 22. Rd2 Re8 23. Bd6 Bd8 24. c4 Be6 25. b3 g5 26. Ne1 Bb6 27. c5 Ba5
28. Re2 Bf5 29. f3 Bc3 30. Nc2 Rc8 31. g4 Bg6 32. Kg2 Kf7 33. Re3 Bb2 34. Re2
Ke6 35. b4 Bc3 36. Re3 Bb2 37. Re2 Bc3 38. Re3 Bb2 39. Rb3 Bc1 40. Ne3 Be8 41.
Nf5 Ba4 42. Rc3 Bb2 43. Rd3 g6 44. Ne7 Re8 45. Nxg6 Kf7 46. Nf8 Rxf8 47. Bxf8
Kxf8 48. Rd6 Ke7 49. Rb6 Bc6 50. a4 e4 51. b5 exf3+ 52. Kf1 axb5 53. axb5 Be4
54. c6 Bd3+ 55. Ke1 Bc3+ 56. Kf2 Bd4+ 57. Kxf3 Bxb6 58. cxb7 Bc7 59. b6 Bb8 0-1

[Event "4NCL Division 2d"]
[Site "Telford, ENG"]
[Date "2018.05.06"]
[Round "10.55"]
[White "Shephard, Chris C W"]
[Black "O'driscoll, Kieran"]
[Result "1/2-1/2"]
[WhiteElo "2200"]
[BlackElo "2076"]
[PlyCount "27"]
[EventDate "2018.05.06"]
[WhiteTeam "Warwickshire Select 1"]
[BlackTeam "White Rose 2"]

1. e4 c5 2. Nf3 d6 3. d4 cxd4 4. Nxd4 Nf6 5. Nc3 a6 6. f4 e5 7. Nf3 Qc7 8. a4
b6 9. Bd3 Bb7 10. O-O Nbd7 11. Kh1 Be7 12. Qe1 O-O 13. fxe5 Nxe5 14. Nxe5
1/2-1/2

[Event "4NCL Division 2d"]
[Site "Telford, ENG"]
[Date "2018.05.06"]
[Round "10.57"]
[White "Baruch, Andrew J D"]
[Black "Camp, Imogen A L"]
[Result "1/2-1/2"]
[WhiteElo "2060"]
[BlackElo "1990"]
[PlyCount "57"]
[EventDate "2018.05.06"]
[WhiteTeam "Warwickshire Select 1"]
[BlackTeam "White Rose 2"]

1. g3 d5 2. c4 e6 3. Bg2 Nf6 4. Nf3 Nbd7 5. b3 c6 6. O-O Bd6 7. Bb2 O-O 8. e3
Qe7 9. d3 b6 10. Nbd2 Bb7 11. Qe2 e5 12. e4 dxe4 13. dxe4 Rad8 14. Nh4 Nc5 15.
Nf5 Qc7 16. Rad1 Rfe8 17. Nxd6 Rxd6 18. Nf3 Rxd1 19. Qxd1 Nfd7 20. Nh4 Ne6 21.
Nf5 c5 22. Nd6 Rd8 23. Nxb7 Qxb7 24. Qd6 Qb8 25. Qxb8 Rxb8 26. Bh3 Re8 27. f3
f6 28. Rd1 Ndf8 29. Rd5 1/2-1/2

[Event "4NCL Division 2d"]
[Site "Telford, ENG"]
[Date "2018.05.06"]
[Round "10.58"]
[White "Jones, Rupert"]
[Black "Phillips, David"]
[Result "0-1"]
[WhiteElo "1827"]
[BlackElo "1817"]
[PlyCount "64"]
[EventDate "2018.05.06"]
[WhiteTeam "White Rose 2"]
[BlackTeam "Warwickshire Select 1"]

1. e4 b6 2. Nf3 Bb7 3. Nc3 e6 4. d4 Bb4 5. Bd3 Nf6 6. Qe2 d5 7. e5 Ne4 8. Bd2
Nxd2 9. Qxd2 Be7 10. O-O c5 11. Nd1 Nc6 12. c3 a5 13. Bb5 Qc8 14. a3 Ba6 15.
Bxa6 Qxa6 16. Ne3 cxd4 17. cxd4 Rc8 18. Rac1 O-O 19. Rc2 a4 20. Rfc1 Na5 21.
Rxc8 Rxc8 22. Rxc8+ Qxc8 23. Qc2 Qxc2 24. Nxc2 Nc4 25. Kf1 Nxb2 26. Nd2 Bg5 27.
Ke2 Nc4 28. Nb1 Bc1 29. Kd3 Bb2 30. Nc3 Nxa3 31. Nxa4 Nxc2 32. Nxb2 Ne1+ 0-1

[Event "4NCL Division 2d"]
[Site "Telford, ENG"]
[Date "2018.05.06"]
[Round "10.61"]
[White "Emms, John M"]
[Black "Tukpetov, Evgeny"]
[Result "1-0"]
[WhiteElo "2484"]
[BlackElo "2240"]
[PlyCount "41"]
[EventDate "2018.05.06"]
[WhiteTeam "KJCA Kings"]
[BlackTeam "Kings Head"]

1. e4 Nc6 2. Nf3 Nf6 3. e5 Ng4 4. d4 d6 5. h3 Nh6 6. Nc3 e6 7. Bb5 Nf5 8. O-O
d5 9. Bg5 Qd7 10. Ne2 a6 11. Bd3 Nce7 12. c3 b6 13. Ng3 h6 14. Bd2 g6 15. b4
Nxg3 16. fxg3 Bg7 17. g4 Bb7 18. Be3 Bc6 19. a4 a5 20. Bc2 b5 21. Qb1 1-0

[Event "4NCL Division 2d"]
[Site "Telford, ENG"]
[Date "2018.05.06"]
[Round "10.62"]
[White "Kwiatkowski, Feliks J"]
[Black "Ward, Chris G"]
[Result "0-1"]
[WhiteElo "2223"]
[BlackElo "2429"]
[PlyCount "84"]
[EventDate "2018.05.06"]
[WhiteTeam "Kings Head"]
[BlackTeam "KJCA Kings"]

1. e4 c5 2. Nf3 d6 3. Bb5+ Bd7 4. Bxd7+ Qxd7 5. c4 Nc6 6. d4 cxd4 7. Nxd4 Rc8
8. Nc3 Nf6 9. O-O g6 10. b3 Bg7 11. Bb2 O-O 12. Qd2 Rfd8 13. Rfe1 e6 14. Nf3 a6
15. Rad1 Qc7 16. h3 Qa5 17. Qe2 Nh5 18. Na4 b5 19. Bxg7 Nxg7 20. Nb2 Qxa2 21.
Ra1 Qxb3 22. Rxa6 bxc4 23. Qxc4 Qb7 24. Qe2 Nh5 25. Rea1 Nf4 26. Qd2 e5 27. Nd3
Ne6 28. Qe3 Ra8 29. Rxa8 Rxa8 30. Rxa8+ Qxa8 31. Qb6 Qa1+ 32. Kh2 Qc3 33. Qb5
Ncd4 34. Qb8+ Kg7 35. Nde1 Nxf3+ 36. Nxf3 Qd3 37. h4 h6 38. Kg1 Qd1+ 39. Kh2
Qd3 40. Kg1 Nf4 41. Qc7 Qd1+ 42. Kh2 Qf1 0-1

[Event "4NCL Division 2d"]
[Site "Telford, ENG"]
[Date "2018.05.06"]
[Round "10.63"]
[White "Hand, Freddie"]
[Black "McMichael, Richard J"]
[Result "1/2-1/2"]
[WhiteElo "2156"]
[BlackElo "2222"]
[PlyCount "74"]
[EventDate "2018.05.06"]
[WhiteTeam "KJCA Kings"]
[BlackTeam "Kings Head"]

1. d4 e6 2. c4 f5 3. Nf3 Nf6 4. Nc3 d5 5. Bg5 c6 6. e3 Bd6 7. Bd3 O-O 8. Ne5
Nbd7 9. f4 Qe8 10. Qe2 Ne4 11. Bxe4 fxe4 12. O-O Nxe5 13. fxe5 Rxf1+ 14. Rxf1
Bf8 15. Rb1 b6 16. b4 Bb7 17. Bh4 Rc8 18. c5 Rc7 19. cxb6 axb6 20. b5 c5 21.
Na4 cxd4 22. exd4 Rc4 23. Nxb6 Rxd4 24. Bf2 Rb4 25. Rxb4 Bxb4 26. Bd4 Qe7 27.
Qc2 h5 28. Na4 Qd7 29. Qb3 Qxb5 30. Nc5 Bc6 31. Nxe6 Qa5 32. Qg3 Bf8 33. Nxf8
Qd2 34. Bc3 Qd1+ 35. Qe1 Qxe1+ 36. Bxe1 Kxf8 37. Bf2 Kf7 1/2-1/2

[Event "4NCL Division 2d"]
[Site "Telford, ENG"]
[Date "2018.05.06"]
[Round "10.64"]
[White "Okike, David"]
[Black "Yoon, Jacob D"]
[Result "0-1"]
[WhiteElo "2185"]
[BlackElo "2004"]
[PlyCount "108"]
[EventDate "2018.05.06"]
[WhiteTeam "Kings Head"]
[BlackTeam "KJCA Kings"]

1. e4 c5 2. Nf3 a6 3. d4 cxd4 4. Nxd4 e5 5. Nf3 Nf6 6. Bc4 Bc5 7. O-O d6 8. h3
O-O 9. Nc3 Be6 10. Bd5 Nxd5 11. Nxd5 Nc6 12. c3 h6 13. b4 Ba7 14. Be3 Bxe3 15.
Nxe3 Ne7 16. Qd2 f5 17. exf5 Nxf5 18. Rfd1 Nxe3 19. Qxe3 Qc7 20. a4 Rf6 21. Nd2
Bf5 22. Rac1 Raf8 23. Nf1 Bd7 24. a5 Bc6 25. Rd2 Qf7 26. Rcc2 Qg6 27. Qg3 Qe4
28. f3 Qc4 29. Ne3 Qf7 30. Rf2 Rg6 31. Qh4 Qe6 32. Kh2 Rf4 33. Qd8+ Kh7 34.
Rcd2 e4 35. Rd4 Qe5 36. Nc4 Qf5 37. Nxd6 exf3 38. g4 Qe5 39. Nc4 Rxd4+ 40. Nxe5
Rxd8 41. Nxg6 Kxg6 42. Kg3 Rd3 43. c4 Kf6 44. Rb2 g5 45. b5 Be4 46. bxa6 bxa6
47. Kf2 Ke5 48. c5 Rc3 49. Kg3 Rc2 50. Rxc2 Bxc2 51. Kxf3 Be4+ 52. Ke3 Bg2 53.
Kf2 Bxh3 54. Kg3 Bf1 0-1

[Event "4NCL Division 2d"]
[Site "Telford, ENG"]
[Date "2018.05.06"]
[Round "10.65"]
[White "Selway, Richard P"]
[Black "Guthrie, David"]
[Result "0-1"]
[WhiteElo "2047"]
[BlackElo "2137"]
[PlyCount "90"]
[EventDate "2018.05.06"]
[WhiteTeam "KJCA Kings"]
[BlackTeam "Kings Head"]

1. d4 Nf6 2. Bf4 g6 3. Nc3 d6 4. e4 c6 5. Qd2 b5 6. Bd3 Nbd7 7. Nf3 b4 8. Ne2
a5 9. a3 Rb8 10. O-O c5 11. e5 Nd5 12. exd6 Nxf4 13. Nxf4 e6 14. Rfe1 Bh6 15.
Qe3 cxd4 16. Nxd4 Qf6 17. Nd5 Bxe3 18. Nxf6+ Nxf6 19. Rxe3 Bd7 20. axb4 axb4
21. Nb5 O-O 22. Nc7 Rb6 23. Ra6 Rfb8 24. Bc4 Rxa6 25. Nxa6 Rb6 26. Kf1 Ne8 27.
Nc5 Rxd6 28. Nxd7 Rxd7 29. Rxe6 Nd6 30. Bb3 fxe6 31. Bxe6+ Rf7 32. c4 Kg7 33.
Bxf7 Kxf7 34. c5 Ne4 35. c6 Ke6 36. Ke2 Kd6 37. Kd3 Nxf2+ 38. Kc4 Kxc6 39. Kxb4
Ng4 40. h3 Ne3 41. g3 Nd1 42. b3 Nf2 43. h4 h5 44. Kc4 Ne4 45. Kd4 Nxg3 0-1

[Event "4NCL Division 2d"]
[Site "Telford, ENG"]
[Date "2018.05.06"]
[Round "10.66"]
[White "Gilfillan, Andrew"]
[Black "Verma, Aditya"]
[Result "1/2-1/2"]
[WhiteElo "1990"]
[BlackElo "2017"]
[PlyCount "43"]
[EventDate "2018.05.06"]
[WhiteTeam "Kings Head"]
[BlackTeam "KJCA Kings"]

1. e4 c5 2. Bc4 Nc6 3. d3 e6 4. Nc3 Nge7 5. a3 a6 6. Ba2 d5 7. Nf3 h6 8. O-O d4
9. Ne2 e5 10. Ng3 g6 11. h3 Bg7 12. Nh2 O-O 13. f4 exf4 14. Bxf4 Ne5 15. Ne2 g5
16. Bd2 Be6 17. Ng3 Qd7 18. Nh5 Bxa2 19. Rxa2 f5 20. Nxg7 Kxg7 21. Qe2 fxe4 22.
Qxe4 {Score unreadable} 1/2-1/2

[Event "4NCL Division 2d"]
[Site "Telford, ENG"]
[Date "2018.05.06"]
[Round "10.67"]
[White "Young, Daniel J"]
[Black "Davey, Mark"]
[Result "1/2-1/2"]
[WhiteElo "1982"]
[BlackElo "1987"]
[PlyCount "89"]
[EventDate "2018.05.06"]
[WhiteTeam "KJCA Kings"]
[BlackTeam "Kings Head"]

1. e4 e5 2. Nf3 Nc6 3. Bb5 a6 4. Ba4 Nf6 5. O-O b5 6. Bb3 Be7 7. Re1 O-O 8. c3
d6 9. h3 Na5 10. Bc2 c5 11. d4 Qc7 12. Nbd2 Bd7 13. Nf1 Rac8 14. d5 c4 15. Bd2
Nb7 16. Qe2 Nc5 17. b4 cxb3 18. axb3 a5 19. b4 Nb7 20. Bd3 Qb6 21. bxa5 Nxa5
22. Reb1 Qc7 23. Bxb5 Bxb5 24. Rxb5 Nc4 25. Be1 Rb8 26. Rab1 Rxb5 27. Rxb5 Ra8
28. Rb4 Rc8 29. Ng3 Bd8 30. Qa2 h6 31. Qb3 Nb6 32. Bd2 Nfd7 33. Nf5 Nc5 34. Qb1
Nba4 35. g4 Ra8 36. Qc2 Qd7 37. Be3 Ba5 38. Bxc5 Nxc5 39. Rc4 Bb6 40. Rb4 Ba5
41. Rb1 Qc7 42. g5 h5 43. c4 g6 44. Ne3 Bb6 45. Nd2 1/2-1/2

[Event "4NCL Division 2d"]
[Site "Telford, ENG"]
[Date "2018.05.06"]
[Round "10.68"]
[White "Verma, Shlok"]
[Black "Ng, Chung Lok Andrew"]
[Result "0-1"]
[WhiteElo "1617"]
[BlackElo "1915"]
[PlyCount "116"]
[EventDate "2018.05.06"]
[WhiteTeam "Kings Head"]
[BlackTeam "KJCA Kings"]

1. d4 d5 2. c4 c6 3. cxd5 cxd5 4. Nc3 Nf6 5. Nf3 Nc6 6. Bf4 a6 7. e3 Bf5 8. a3
e6 9. Bd3 Bxd3 10. Qxd3 Be7 11. O-O O-O 12. b4 Nh5 13. Bg3 Nxg3 14. hxg3 b5 15.
Rfc1 Rc8 16. Nd2 e5 17. Nb3 exd4 18. exd4 Bf6 19. Ne2 Qd6 20. Nc5 Rce8 21. Ra2
Ra8 22. Rac2 Rfc8 23. Nb7 Qd7 24. Nc5 Qa7 25. Nb3 Ne7 26. Rxc8+ Rxc8 27. Rxc8+
Nxc8 28. Nc5 Nb6 29. Nf4 Qa8 30. Kf1 Nc4 31. Nd7 Bg5 32. Ne5 Be7 33. Qf5 Bf6
34. Qd7 Nxe5 35. dxe5 Bxe5 36. Qxd5 Qxd5 37. Nxd5 Kf8 38. Ke2 Ke8 39. Kd3 Kd7
40. Nc3 f5 41. Nd1 Ke6 42. Nc3 g5 43. Nd1 h5 44. Ne3 Bb2 45. Nc2 Ke5 46. Ne1 g4
47. Kc2 Bd4 48. f3 Kd5 49. Nd3 Be3 50. Kc3 gxf3 51. gxf3 f4 52. gxf4 h4 53. Ne5
Bd4+ 54. Kd3 Bxe5 55. Ke3 Bd4+ 56. Ke2 Ke6 57. Kf1 Kf5 58. Kg2 Kxf4 0-1

[Event "4NCL Division 2d"]
[Site "Telford, ENG"]
[Date "2018.05.06"]
[Round "10.71"]
[White "Swanson, Stephen"]
[Black "Grant, David J"]
[Result "1/2-1/2"]
[WhiteElo "2208"]
[BlackElo "2192"]
[PlyCount "44"]
[EventDate "2018.05.06"]
[WhiteTeam "Poisoned Pawns 1"]
[BlackTeam "Sussex Martlets 1"]

1. e4 c5 2. Nf3 d6 3. d4 cxd4 4. Qxd4 Nc6 5. Bb5 Bd7 6. Qd3 Nf6 7. c4 a6 8.
Bxc6 Bxc6 9. Nc3 e6 10. O-O Qa5 11. Nd4 Be7 12. f3 Rc8 13. Be3 O-O 14. Rfd1
Rfd8 15. Rac1 h6 16. Qe2 Be8 17. Qd3 Rd7 18. b3 Rdc7 19. Bd2 Qc5 20. Be3 Qa5
21. Bd2 Qc5 22. Be3 Qa5 1/2-1/2

[Event "4NCL Division 2d"]
[Site "Telford, ENG"]
[Date "2018.05.06"]
[Round "10.72"]
[White "Graham, David B"]
[Black "Clark, Kevin R"]
[Result "1/2-1/2"]
[WhiteElo "2150"]
[BlackElo "2118"]
[PlyCount "72"]
[EventDate "2018.05.06"]
[WhiteTeam "Sussex Martlets 1"]
[BlackTeam "Poisoned Pawns 1"]

1. e4 e5 2. Nf3 Nf6 3. d4 Nxe4 4. Bd3 d5 5. Nxe5 Bd6 6. Nc3 Nxc3 7. bxc3 Nd7 8.
O-O Nxe5 9. dxe5 Bc5 10. Rb1 c6 11. Qh5 Qc7 12. c4 Be6 13. cxd5 Bxd5 14. e6
O-O-O 15. exf7 Qxf7 16. Qg4+ Be6 17. Qa4 Rd4 18. Qa5 Rd5 19. Qc3 Bd4 20. Qe1
Re5 21. Qb4 c5 22. Qa3 c4 23. Be3 Qd7 24. Be2 Bxe3 25. fxe3 b6 26. Rxb6 axb6
27. Qa8+ Kc7 28. Qxh8 Rxe3 29. Rd1 Qe7 30. Qa8 Qc5 31. Qd8+ Kb7 32. Kf1 Rxe2
33. Kxe2 Bg4+ 34. Kf1 Qf5+ 35. Kg1 Bxd1 36. Qxd1 Ka6 1/2-1/2

[Event "4NCL Division 2d"]
[Site "Telford, ENG"]
[Date "2018.05.06"]
[Round "10.73"]
[White "Byway, Paul V"]
[Black "Forster, Matthew"]
[Result "1/2-1/2"]
[WhiteElo "2056"]
[BlackElo "2177"]
[PlyCount "31"]
[EventDate "2018.05.06"]
[WhiteTeam "Poisoned Pawns 1"]
[BlackTeam "Sussex Martlets 1"]

1. Nf3 c5 2. c4 Nc6 3. e3 Nf6 4. Nc3 g6 5. d4 cxd4 6. exd4 d6 7. Be2 Bg7 8. O-O
O-O 9. h3 d5 10. Be3 b6 11. Ne5 Bb7 12. Bf3 e6 13. cxd5 Nxd5 14. Nxd5 exd5 15.
Nxc6 Bxc6 16. Qd2 1/2-1/2

[Event "4NCL Division 2d"]
[Site "Telford, ENG"]
[Date "2018.05.06"]
[Round "10.74"]
[White "Cumming, Rhys"]
[Black "Davison, Chris"]
[Result "1-0"]
[WhiteElo "2200"]
[BlackElo "2071"]
[PlyCount "125"]
[EventDate "2018.05.06"]
[WhiteTeam "Sussex Martlets 1"]
[BlackTeam "Poisoned Pawns 1"]

1. e4 e5 2. Nf3 Nc6 3. Bc4 Nf6 4. d3 Be7 5. O-O O-O 6. Re1 d6 7. a4 Na5 8. Ba2
c5 9. c3 Nc6 10. Na3 Be6 11. Bxe6 fxe6 12. Nc4 Qc7 13. Bd2 Rad8 14. b4 cxb4 15.
cxb4 Nd4 16. Nxd4 exd4 17. Rc1 Qd7 18. e5 dxe5 19. Nxe5 Qd5 20. Qe2 Bd6 21. Nc4
Rc8 22. Nxd6 Qxd6 23. Qe5 Qxe5 24. Rxe5 Nd5 25. Rc4 Nb6 26. Rxd4 Rfd8 27. Be3
Nxa4 28. Rxe6 Nc3 29. Rxd8+ Rxd8 30. g3 Kf7 31. Re5 Rxd3 32. Bxa7 Nd5 33. Be3
Nxb4 34. Rb5 Nd5 35. Rxb7+ Kg6 36. Bc5 Nf6 37. Kg2 Rd7 38. Rxd7 Nxd7 39. Bd4
Nf8 40. Kf3 Ne6 41. Ke4 h5 42. Be3 Kf6 43. f4 g6 44. Bb6 Nf8 45. h3 Ke6 46. Bd4
Nd7 47. h4 Nb8 48. f5+ gxf5+ 49. Kf4 Nc6 50. Ba1 Ne7 51. Kg5 Nd5 52. Bd4 Kf7
53. Kxf5 Nc7 54. Bb2 Ne6 55. Be5 Nf8 56. Kg5 Kg8 57. Kxh5 Kh7 58. Kg5 Ng6 59.
Bd6 Nh8 60. Kf6 Kg8 61. g4 Nf7 62. Bf4 Nh8 63. g5 1-0

[Event "4NCL Division 2d"]
[Site "Telford, ENG"]
[Date "2018.05.06"]
[Round "10.75"]
[White "Hutchinson, Norman A"]
[Black "Payne, Matthew J"]
[Result "1/2-1/2"]
[WhiteElo "2050"]
[BlackElo "2099"]
[PlyCount "66"]
[EventDate "2018.05.06"]
[WhiteTeam "Poisoned Pawns 1"]
[BlackTeam "Sussex Martlets 1"]

1. e4 e6 2. d4 d5 3. Nd2 Nc6 4. Ngf3 Nf6 5. e5 Nd7 6. Bd3 f6 7. Ng5 Ndxe5 8.
dxe5 fxg5 9. Qh5+ g6 10. Bxg6+ Kd7 11. c4 Nxe5 12. Bc2 Nxc4 13. Nxc4 dxc4 14.
Bd2 Qe8 15. Qg4 Bd6 16. O-O-O b5 17. Qxg5 Ba6 18. Bf4 Bb7 19. Rhe1 Rf8 20. Bxd6
cxd6 21. Qxb5+ Bc6 22. Qxc4 Qf7 23. Rd2 Rac8 24. Qd4 Qf4 25. Qxa7+ Rc7 26. Qe3
Bd5 27. Kb1 Qf6 28. Ba4+ Kc8 29. f3 Qh4 30. Bb5 Qb4 31. Ba6+ Kb8 32. Rd4 Qa5
33. Rxd5 exd5 1/2-1/2

[Event "4NCL Division 2d"]
[Site "Telford, ENG"]
[Date "2018.05.06"]
[Round "10.76"]
[White "Willson, Ollie"]
[Black "Rosen, Daniel B"]
[Result "1/2-1/2"]
[WhiteElo "2117"]
[BlackElo "2063"]
[PlyCount "114"]
[EventDate "2018.05.06"]
[WhiteTeam "Sussex Martlets 1"]
[BlackTeam "Poisoned Pawns 1"]

1. d4 f5 2. Bg5 d5 3. Nc3 Be6 4. e3 Nd7 5. h4 g6 6. h5 Bg7 7. Nh3 c6 8. Nf4 Bf7
9. hxg6 hxg6 10. Rxh8 Bxh8 11. Qf3 Qb6 12. O-O-O O-O-O 13. g4 Ngf6 14. Bh3 Ne4
15. Bxe7 Re8 16. Ba3 Nxc3 17. bxc3 Qa5 18. Bb4 Qxa2 19. gxf5 g5 20. Ne2 Nf6 21.
Ng3 Bh5 22. Qxh5 Nxh5 23. f6+ Kd8 24. Nxh5 Bxf6 25. Nxf6 Rh8 26. Bf5 Rh1 27.
Rxh1 Qa1+ 28. Kd2 Qxh1 29. Ng4 Qf3 30. Be6 Qe4 31. Ne5 Kc7 32. Bg4 b6 33. Be7
Qg2 34. Ke2 a5 35. Bxg5 a4 36. Be7 Qe4 37. Kd2 c5 38. Bf3 Qh7 39. Bg5 a3 40.
Bxd5 Qh2 41. Nd3 Qg1 42. Bf4+ Kd8 43. Bg3 Qb1 44. Nc1 Qb5 45. Ba2 c4 46. Bd6
Qa4 47. Bb4 b5 48. Ne2 Qa8 49. f4 Kd7 50. f5 Qf3 51. Bc5 Qxf5 52. Bxa3 Qe4 53.
Bc5 Qa8 54. Bb1 Qh1 55. Ba2 Qa8 56. Bb1 Qh1 57. Ba2 Qa8 1/2-1/2

[Event "4NCL Division 2d"]
[Site "Telford, ENG"]
[Date "2018.05.06"]
[Round "10.77"]
[White "Kemp, Paul R"]
[Black "Lunn, Matthew"]
[Result "1/2-1/2"]
[WhiteElo "2049"]
[BlackElo "2043"]
[PlyCount "41"]
[EventDate "2018.05.06"]
[WhiteTeam "Poisoned Pawns 1"]
[BlackTeam "Sussex Martlets 1"]

1. e4 c5 2. c3 d5 3. exd5 Qxd5 4. d4 Nc6 5. Nf3 Bg4 6. Be2 cxd4 7. cxd4 e6 8.
O-O Nf6 9. h3 Bh5 10. Nc3 Qa5 11. a3 Bd6 12. Be3 O-O 13. Nd2 Bxe2 14. Qxe2 Nd5
15. Rac1 Nxc3 16. Rxc3 Rfd8 17. Qg4 Bf8 18. Nf3 Rd5 19. Qe4 Rf5 20. Rfc1 Qd5
21. Qg4 1/2-1/2

[Event "4NCL Division 2d"]
[Site "Telford, ENG"]
[Date "2018.05.06"]
[Round "10.78"]
[White "Bucher, Grant W"]
[Black "Sahinoz, Giulio O"]
[Result "1/2-1/2"]
[WhiteElo "2099"]
[BlackElo "1832"]
[PlyCount "61"]
[EventDate "2018.05.06"]
[WhiteTeam "Sussex Martlets 1"]
[BlackTeam "Poisoned Pawns 1"]

1. e4 c5 2. Nf3 d6 3. d4 cxd4 4. Qxd4 Nc6 5. Bb5 Bd7 6. Bxc6 Bxc6 7. Nc3 Nf6 8.
Bg5 e6 9. O-O-O Be7 10. Rhe1 O-O 11. Kb1 Qc7 12. Qd2 Rfd8 13. Nd4 a6 14. f3 b5
15. g4 b4 16. Nce2 a5 17. Ng3 Ra6 18. Nh5 Nxh5 19. gxh5 Bxg5 20. Qxg5 h6 21.
Qg4 Kh7 22. f4 Qe7 23. Rg1 Rg8 24. f5 e5 25. f6 Qxf6 26. Rdf1 Qe7 27. Qf5+ Kh8
28. Nxc6 Rxc6 29. Qxf7 Qxf7 30. Rxf7 Rc4 31. Rg4 1/2-1/2

[Event "4NCL Division 2d"]
[Site "Telford, ENG"]
[Date "2018.05.06"]
[Round "10.82"]
[White "Russell, Christopher"]
[Black "Redmond, John P"]
[Result "0-1"]
[WhiteElo "2142"]
[BlackElo "2173"]
[PlyCount "68"]
[EventDate "2018.05.06"]
[WhiteTeam "Barbican Youth"]
[BlackTeam "West is Best 2"]

1. e4 e6 2. d4 d5 3. Nc3 Bb4 4. e5 Ne7 5. a3 Bxc3+ 6. bxc3 c5 7. h4 Qc7 8. Nf3
b6 9. h5 h6 10. a4 Ba6 11. Bxa6 Nxa6 12. O-O Nb8 13. a5 Qb7 14. Ba3 Nd7 15. c4
O-O 16. cxd5 exd5 17. Qe2 Qc6 18. c4 Rfe8 19. Rfd1 Rad8 20. axb6 axb6 21. Rac1
Qe6 22. Re1 Ra8 23. cxd5 Nxd5 24. Bb2 Ra2 25. Rc2 Qg4 26. Qe4 Qxe4 27. Rxe4 c4
28. Ree2 b5 29. Kf1 N7b6 30. Ke1 Nb4 31. Rcd2 N6d5 32. Bc1 Ra1 33. Rd1 Nd3+ 34.
Kd2 Ra2+ 0-1

[Event "4NCL Division 2d"]
[Site "Telford, ENG"]
[Date "2018.05.06"]
[Round "10.83"]
[White "James, David J"]
[Black "Coleman, David J"]
[Result "1-0"]
[WhiteElo "2112"]
[BlackElo "2060"]
[PlyCount "67"]
[EventDate "2018.05.06"]
[WhiteTeam "West is Best 2"]
[BlackTeam "Barbican Youth"]

1. d4 Nf6 2. Nf3 g6 3. g3 Bg7 4. Bg2 O-O 5. O-O d6 6. c4 c6 7. Nc3 Qa5 8. d5
cxd5 9. cxd5 b5 10. Nd4 b4 11. Nb3 Qd8 12. Nb1 Bb7 13. a3 a5 14. axb4 axb4 15.
Rxa8 Bxa8 16. e4 Nfd7 17. Nd4 Nc5 18. Be3 Bb7 19. Qd2 Qb6 20. f3 Nba6 21. Rd1
Ra8 22. Qf2 Nb8 23. Nb3 Nbd7 24. f4 Ra2 25. e5 Qb5 26. Nxc5 Nxc5 27. Bf1 Qa4
28. Rc1 Na6 29. Bd4 Bxd5 30. Rc8+ Bf8 31. exd6 exd6 32. f5 Qd7 33. fxg6 hxg6
34. Qf6 1-0

[Event "4NCL Division 2d"]
[Site "Telford, ENG"]
[Date "2018.05.06"]
[Round "10.84"]
[White "Harari, Zaki"]
[Black "Bullen, Alex"]
[Result "1/2-1/2"]
[WhiteElo "2030"]
[BlackElo "2148"]
[PlyCount "78"]
[EventDate "2018.05.06"]
[WhiteTeam "Barbican Youth"]
[BlackTeam "West is Best 2"]

1. e4 c6 2. d4 d5 3. exd5 cxd5 4. Bd3 Nc6 5. c3 Qc7 6. h3 e5 7. dxe5 Nxe5 8.
Bb5+ Nc6 9. Nf3 Nf6 10. O-O Be6 11. Nbd2 Bd6 12. Nb3 O-O 13. Bd3 a6 14. a4 Qd7
15. Re1 Rae8 16. Bg5 Ne4 17. Bf1 f6 18. Be3 Ne5 19. Nfd4 Bf7 20. Nd2 Nc5 21.
N2f3 Ng6 22. Qc2 Ne4 23. a5 Nf4 24. Ne2 Ne6 25. Red1 Nc7 26. Nf4 Ng5 27. Nd4
Re4 28. Nde2 Rfe8 29. h4 Nge6 30. g3 Nxf4 31. Nxf4 Bxf4 32. Bxf4 Bh5 33. Rd4
Bf3 34. Bxc7 Qxc7 35. Rxd5 Rxh4 36. Bg2 Bxg2 37. Kxg2 Qc4 38. Rdd1 Rhe4 39. Qd3
Qxd3 1/2-1/2

[Event "4NCL Division 2d"]
[Site "Telford, ENG"]
[Date "2018.05.06"]
[Round "10.85"]
[White "Ivekovic, Tihana"]
[Black "Hughes, Roy"]
[Result "1-0"]
[WhiteElo "2167"]
[BlackElo "2034"]
[PlyCount "105"]
[EventDate "2018.05.06"]
[WhiteTeam "West is Best 2"]
[BlackTeam "Barbican Youth"]

1. d4 d5 2. c4 e6 3. Nf3 c6 4. g3 f5 5. Bg2 Nf6 6. O-O Bd6 7. Qc2 O-O 8. Bf4
Be7 9. Nbd2 Ne4 10. h4 Nd7 11. Ne5 Ndf6 12. Nxe4 Nxe4 13. Rad1 Nd6 14. Qc1 Bf6
15. Bg5 Bd7 16. c5 Nb5 17. Qd2 Be8 18. a4 Nc7 19. Nd3 Bf7 20. b4 a6 21. Rb1 Qe7
22. Bf4 Rfc8 23. Be5 Be8 24. Rfe1 Bd7 25. f3 Bxe5 26. Nxe5 Be8 27. Qg5 Qf8 28.
Qf4 Qf6 29. Qd2 Rd8 30. e3 h6 31. Qf2 Bg6 32. Rb2 Rac8 33. Bf1 Be8 34. Bd3 g6
35. Kf1 Kg7 36. Kg2 Kh7 37. Rh1 Kg7 38. Kf1 Bd7 39. g4 Be8 40. Qg3 Bf7 41. g5
Qe7 42. gxh6+ Kxh6 43. Qg5+ Qxg5 44. hxg5+ Kg7 45. Rbh2 Bg8 46. Rh6 Ne8 47.
Rxg6+ Kf8 48. Rh8 Ng7 49. Kf2 Rc7 50. Rf6+ Ke7 51. Ng6+ Kd7 52. Nf8+ Kc8 53.
Rxg8 1-0